| 000 | 00442nam a2200181Ia 4500 | ||
|---|---|---|---|
| 003 | GCL | ||
| 008 | 140319s9999 xx 000 0 eng d | ||
| 040 |
_aGCL / _cGCL |
||
| 082 | 0 | 4 |
_aP _b050 _bS T |
| 100 | 1 | _aSALADIN BOUSTANY | |
| 245 | 1 | 0 |
_aTHE JOURNALS OF BONAPARTE IN EGYPTE / _cSALADIN BOUSTANY |
| 260 |
_a[S.N] : _bAL AHRAM |
||
| 300 | _a300 P | ||
| 650 | 0 | 4 | _aBONAPARTE |
| 650 | 0 | 4 | _aEGYPT |
| 650 | 0 | 4 | _aJOURNALISM |
| 942 |
_2ddc _cCR |
||
| 999 |
_c25809 _d25809 |
||